LEADER 01060nam a2200265 i 4500 001 000000152559 003 CaOOAMICUS 005 20060816000000.0 008 060816s1943 it u000 u ita u 013 $a129900 040 $aSeMil$bita 100 1 $aJaspers, Karl,$d<1883-1969>.$0(OLS)http://semarc/name/9270 245 13$aLa filosofia dell'esistenza /$cKarl Jaspers ; con nota introduttiva di Antonio Banfi. 250 $a2. Ed. 260 $aMilano :$bBompiani,$c1943. 300 $a186 p. ;$c22 cm. 490 0 $aIdee nuove ;$v11. 650 4$aEsistenzialismo - Filosofia.$0(OLS)http://semarc/subject/5568 700 1 $aBanfi, Antonio,$d<1886-1957>.$0(OLS)http://semarc/name/2861 830 0$aIdee nuove ;$v11.$0(OLS)http://semarc/title/7612 850 $aSeMil 852 $aSeMil$W1$xVenegono$y1$m2P IV 613$j104513$B104513$CSeMilBibl$Z2$F113732 $81 961 $aLascito: Gogna prof.ssa Silvia 996 $6245$aLa filosofia dell'esistenza$9(OLS)http://semarc/title/408753 996 $6260$aMilano :$bBompiani$9(OLS)http://semarc/publisher/29706 LEADER 01047nam a2200229 i 4500 001 000000194399 003 CaOOAMICUS 005 20101113000000.0 008 101113s1972 it u000 u mul u 013 $a173050 040 $aSeMil$bita 245 10$aSaggi e ricerche nel 7. centenario della nascita del B. Bernardo Tolomei :$b1272-1972. 260 $aMonte Oliveto Maggiore (Siena) :$b[s.n.],$c1972. 300 $a190 p. :$b[8] p. di tav. + [1] c. di ritr. ;$c24 cm. 490 0 $aStudia Olivetana ;$v1 500 $aIn testa al front : Autori vari. 600 14$aTolomei, Bernardo .$0(OLS)http://semarc/subject/16533 830 0$aStudia Olivetana ;$v1.$0(OLS)http://semarc/title/13147 850 $aSeMil 852 $aSeMil$W1$xVenegono$y1$m3J V 121$j144973$B144973$CSeMilBibl$Z2$F156399 $81 996 $6245$aSaggi e ricerche nel 7. centenario della nascita del B. Bernardo Tolomei :$b1272-1972$9(OLS)http://semarc/title/280302 996 $6260$aMonte Oliveto Maggiore (Siena) :$b[s.n.]$9(OLS)http://semarc/publisher/32714